| 000 | 00344nam a2200133Ia 4500 | ||
|---|---|---|---|
| 999 |
_c14217 _d14217 |
||
| 008 | 260210s9999 xx 000 0 und d | ||
| 020 | _a9791189659486 | ||
| 082 | _a721 CHO | ||
| 100 | _aArchi-Lab Editorial Team / Cho Bae-Yeon | ||
| 245 | 0 | _aNeighborhood Facility Vol. 8 | |
| 260 | _bArchi-Lab, Seou | ||
| 300 | _a2023 | ||
| 942 |
_cBPLAN _2ddc |
||